000 00467nab a2200145Ia 4500
003 ES-SlBCS
005 20210601124325.0
008 140529s1994 xxu||||| |||| 00| 0 eng d
041 _aeng
100 1 _aGage, Nathaniel Leo
_9139747
245 0 4 _aThe Scientific Status of Research on Teaching
_c Nathaniel Leo Gage
650 0 4 _aInvestigación Didáctica-Teoría
_9139748
773 0 _tEducational Theory
_gvol. 44, nº. 4, 1994, págs. 371-383
_wRev1399
942 _cAR
999 _c512948
_d512948